Name all Secretaries of Transportation - Statistics

General Stats
  • This quiz has been taken 3 times
  • The average score is 10 of 26
Answer Stats
Time Served President Home State Secretary % Correct
February 3, 2021 - January 20, 2025 Joe Biden Indiana Pete Buttigieg
100%
January 31, 2017 - January 11, 2021 Donald Trump Kentucky Elaine Chao
67%
January 20, 2009 - July 2, 2013 Barack Obama Illinois Ray LaHood
67%
January 28, 2025 - Present Donald Trump Wisconsin Sean Duffy
67%
January 16, 1967 - January 20, 1969 Lyndon B. Johson Florida Alan S. Boyd
33%
February 24, 1992 - January 20, 1993 George H.W. Bush Massachusetts Andrew Card
33%
July 2, 2013 -January 20, 2017 Barack Obama North Carolina Anthony Foxx
33%
January 23, 1977 - July 20, 1979 Jimmy Carter Washington Brock Adams
33%
February 2, 1973 - February 1, 1975 Gerald Ford California Claude Brinegar
33%
January 23, 1981 - February 1, 1983 Ronald Reagan Pennsylvania Drew Lewis
33%
February 7, 1983 - September 30, 1987 Ronald Reagan Kansas Elizabeth Dole
33%
January 21, 1993 - February 14, 1997 Bill Clinton Colorado Federico Peña
33%
December 3, 1987 - January 20, 1989 Ronald Reagan North Carolina James H. Burnley IV
33%
January 22, 1969 - February 2, 1973 Richard Nixon Massachusetts John Volpe
33%
January 20, 2025 - January 28, 2025 Donald Trump Illinois Judith Kaleta
33%
January 20, 2021 - February 3, 2021 Joe Biden Virginia Lana Hurdle
33%
(Acting) August 7, 2006 - October 17, 2006 George W. Bush New York Maria Cino
33%
October 17, 2006 - January 20, 2009 George W. Bush Arizona Mary E. Peters
33%
(Acting) January 20, 2017 - January 31, 2017 Donald Trump California Michael Huerta
33%
(Acting) January 20, 2001 - January 25, 2001 George W. Bush Virginia Mortimer L. Downey III
33%
September 24, 1979 - January 20, 1981 Jimmy Carter Oregon Neil Goldschmidt
33%
January 25, 2001 - August 7, 2006 George W. Bush California Norman Mineta
33%
February 14, 1997 - January 20, 2001 Bill Clinton Arkansas Rodney E. Slater
33%
February 6, 1989 - December 13, 1991 George H.W. Bush Illinois Samuel K. Skinner
33%
January 12, 2021 - January 20, 2021 Donald Trump Oregon Steven G. Bradbury
33%
March 7, 1975 - January 20, 1977 Gerald Ford Pennsylvania William Thaddeus Coleman Jr.
33%
No matching quizzes found
Score Distribution
Percent of People with Each Score
Percentile by Number Answered
Your Score History
You have not taken this quiz